000 00463nam a2200181Ia 4500
005 20250326125445.0
008 250326s9999 xx 000 0 und d
037 _aTextbook
040 _aFMSL
_beng
_cFMSL
041 _aeng
_2eng
084 _aY12:4 K3
_qFMSL
100 _aCohen A K
_9739122
245 0 _aDelinquent boys
_cCohen A K
260 _aUSA
_bUSA, Free
_c1963
300 _a195p
942 _cTB
_hY12:4 K3
999 _c1278147
_d1278147